000 00280nam a2200121Ia 4500
008 190216s9999||||xx |||||||||||||| ||und||
100 _aPatrick Anderson
245 0 _aLords Of The Earth
260 _bMethuen & Co
_c1936
300 _a594
650 _aEnglish Novel
942 _cBK
999 _c13293
_d13293